Ještě nikdy nekvetly šeříky tak krásně : výběr z literární soutěže pracovníků České státní spořitelny ke 40. výročí osvobození Československa Sovětskou armádou.

Uložené v:
Podrobná bibliografia
Médium: Kniha
Jazyk:Czech
Vydané: Praha : Česká státní spořitelna, 1985.
Vydanie:1. vyd.
ISBN: (brož.)
Fyzický popis: 40 s.
Tagy: Pridať tag
Žiadne tagy, Buďte prvý kto otaguje tento záznam!

MARC

LEADER 00000nam a22000004a 4500
001 000548621
005 20170627071947.0
008 170627 1985 xr e cze d
020 |a (brož.) 
040 |a SVKKK  |b slo  |c SVKKK  |e AACR2 
041 0 |a cze 
044 |a xr  |c CZ 
245 1 0 |a Ještě nikdy nekvetly šeříky tak krásně :  |b výběr z literární soutěže pracovníků České státní spořitelny ke 40. výročí osvobození Československa Sovětskou armádou. 
250 |a 1. vyd. 
260 |a Praha :  |b Česká státní spořitelna,  |c 1985. 
300 |a 40 s. 
910 |a svkkk 
998 |a BK 
090 |g SCKHL  |k Sklad Pribinova prízemie  |a IV.128667  |j 712556  |i 548622-10  |s Povinný výt.